Report of The Finance Committee on the Value Added Tax (Amendment) Bill, 2018 (Record no. 1577)

MARC details
000 -LEADER
fixed length control field 00463nam a2200157Ia 4500
008 - FIXED-LENGTH DATA ELEMENTS--GENERAL INFORMATION
fixed length control field 240428s9999||||xx |||||||||||||| ||und||
041 ## - LANGUAGE CODE
Language code of text/sound track or separate title eng
082 ## - DEWEY DECIMAL CLASSIFICATION NUMBER
Classification number BR/VAT/18
100 ## - MAIN ENTRY--PERSONAL NAME
Personal name Finance Committee
245 #0 - TITLE STATEMENT
Title Report of The Finance Committee on the Value Added Tax (Amendment) Bill, 2018
260 ## - PUBLICATION, DISTRIBUTION, ETC.
Place of publication, distribution, etc. Accra
Date of publication, distribution, etc. 2018
300 ## - PHYSICAL DESCRIPTION
Extent 3p.
650 ## - SUBJECT ADDED ENTRY--TOPICAL TERM
Topical term or geographic name entry element Report of The Finance Committee on the Value Added Tax (Amendment) Bill, 2018
942 ## - ADDED ENTRY ELEMENTS (KOHA)
Koha item type Bills From Committees
Holdings
Withdrawn status Lost status Damaged status Not for loan Home library Current library Shelving location Date acquired Total checkouts Full call number Date last seen Copy number Price effective from Koha item type
        Main Library Main Library Open Shelves 17/08/2022   BR/VAT/18 1800 C1 - BR/VAT/18 1801 C2 - BR/VAT/18 1802 C3 - BR/VAT/18 1803 C4 - BR/VAT/18 1804 C5 29/04/2024 1 29/04/2024 Bills From Committees
©2026  Parliament of Ghana Library - All rights reserved